header

Divinarum institutionum libri septem. (Record no. 223088)

MARC details
000 -LEADER
fixed length control field 01563nam a2200349 a 4500
100 0# - MAIN ENTRY--AUTHOR NAME
Personal name Lactantius,
245 10 - TITLE STATEMENT
Title Divinarum institutionum libri septem.
260 ## - PUBLICATION, DISTRIBUTION, ETC. (IMPRINT)
Place of publication Berolini [Berlin] :
Name of publisher De Gruyter,
Year of publication 2011.
300 ## - PHYSICAL DESCRIPTION
Number of Pages lxxxvi-xcviii, 581-850 p. :
Other physical details ill.
490 1# - SERIES STATEMENT
Series statement Bibliotheca scriptorum Graecorum et Romanorum Teubneriana,
Series statement Divinarum institutionum libri septem ;
500 ## - GENERAL NOTE
General note Includes indexes.
650 #0 - SUBJECT ADDED ENTRY--TOPICAL TERM
Topical Term Apologetics
700 1# - ADDED ENTRY--PERSONAL NAME
Personal name Heck, Eberhard.
Personal name Wlosok, Antonie.
856 40 - ELECTRONIC LOCATION AND ACCESS
Uniform Resource Identifier http://site.ebrary.com/lib/rucke/Doc?id=10512171

No items available.

© 2026 Rongo University
Contact us: librarian | system librarian | Rongo university